Emerging trends in real estate Europe 2009 (Record no. 109526)

MARC details
000 -LEADER
fixed length control field 00958cad a2200229 4500
001 - CONTROL NUMBER
control field L147378
008 - FIXED-LENGTH DATA ELEMENTS--GENERAL INFORMATION
fixed length control field 090507 2009 xxk f 000 0 eng u
035 ## - SYSTEM CONTROL NUMBER
System control number (Sirsi) u147378
041 0# - LANGUAGE CODE
Language code of text/sound track or separate title eng
050 04 - LIBRARY OF CONGRESS CALL NUMBER
Classification number 332.6324 $2 22
110 2# - MAIN ENTRY--CORPORATE NAME
Corporate name or jurisdiction name as entry element Urban Land Institute
9 (RLIN) 3094
245 00 - TITLE STATEMENT
Title Emerging trends in real estate Europe 2009
Medium [elctronic resource]
250 ## - EDITION STATEMENT
Edition statement 6th ed.
260 ## - PUBLICATION, DISTRIBUTION, ETC.
Place of publication, distribution, etc. London
Name of publisher, distributor, etc. Urban Land Institute
-- PricewaterhouseCoopers
Date of publication, distribution, etc. 2009
520 ## - SUMMARY, ETC.
Summary, etc. Provides an outlook on European real estate investment and development trends, real estate finance and capital markets, property sectors, metropolitan areas, and other real estate issues.
590 ## - LOCAL NOTE (RLIN)
Local note KA NTK
651 #4 - SUBJECT ADDED ENTRY--GEOGRAPHIC NAME
Geographic name Europe
690 ## - LOCAL SUBJECT ADDED ENTRY--TOPICAL TERM (OCLC, RLIN)
Topical term or geographic name as entry element PROPERTY-COMMERCIAL PROPERTY-COMMERCIAL PROPERTY MARKET
710 2# - ADDED ENTRY--CORPORATE NAME
Corporate name or jurisdiction name as entry element PriceWaterhouseCoopers
9 (RLIN) 3793
856 40 - ELECTRONIC LOCATION AND ACCESS
Uniform Resource Identifier <a href="https://www.pwc.com/extweb/pwcpublications.nsf/docid/4D530749A4B4EF6D852575180014E6B4">https://www.pwc.com/extweb/pwcpublications.nsf/docid/4D530749A4B4EF6D852575180014E6B4</a>
Public note View the report at www.pwc.com...
942 ## - ADDED ENTRY ELEMENTS (KOHA)
Suppress in OPAC 0
Holdings
Withdrawn status Lost status Source of classification or shelving scheme Damaged status Not for loan Home library Current library Shelving location Date acquired Total Checkouts Full call number Barcode Date last seen Copy number Price effective from Koha item type
    Dewey Decimal Classification     Virtual Virtual Online 07/05/2009   ONLINE PUBLICATION 147378-2001 06/08/2019 1 06/08/2019 Book